00711cam a22002657a 4500003000500000005001700005008004100022010001000063011001000073035001000083040000900093082002200102110000800124245008100132260002300213300001900236410000800255490003600263650001900299650003700318650002000355700002600375810000800401830003600409CHAP20220817042539.0971013s1994 r 00010 d a47763 a48735 a52881 cCHAP a639.2096bF3 v.28 aFAO 0aPractical aspects of stocking small water bodiesb: an example from Zimbabwe aRome :bFAO,c1994 a40 p.b: ilus. aFAO 0aCIFA. Documento técnicov; 2814aPescaxAfrica.14aPescaxImplementos y maquinaria.14aRedes de pesca.0 aMheen, H. W. van der.0 aFAO00aCIFA. Documento técnicov; 28